Football : effectif du PSG 2026 - Statistiques

Statistiques générales
  • Ce quiz a été pris 165 fois
  • Le résultat moyen est 20 sur 27
Statistiques - réponses
Poste Joueur % Correct
Gardien Lucas Chevalier
99%
Ailier/Numéro 9 Ousmane Dembélé
97%
Latéral droit Achraf Hakimi
96%
Ailier Désiré Doué
95%
Gardien Matvey Safonov
95%
Ailier Bradley Barcola
94%
Latéral gauche Nuno Mendes
94%
Défenseur central Willian Pacho
94%
Numéro 9 Gonçalo Ramos
92%
Milieu Joao Neves
91%
Milieu Fabian Ruiz
89%
Défenseur central/Latéral gauche Lucas Hernandez
89%
Défenseur central Marquinhos
89%
Milieu Vitinha
89%
Ailier Khvicha Kvaratskhelia
86%
Milieu/Latéral droit Warren Zaïre-Emery
85%
Milieu offensif Senny Mayulu
80%
Milieu/Ailier Kang-In Lee
77%
Défenseur central/Latéral gauche Lucas Beraldo
73%
Ailier Ibrahim Mbaye
70%
Gardien Renato Marin
67%
Défenseur central Ilya Zabarnyi
58%
Milieu offensif Dro Fernandez
49%
Ailier Quentin Ndjantou
42%
Latéral droit David Boly
14%
Milieu Mathis Jangeal
13%
Ailier Noah Nsoki
8%
Aucun quiz correspondant
Distribution des résultats
% des personnes avec chaque résultat
Percentile par nombre de réponses
Votre historique - résultats
Vous n’avez pas pris ce quiz